popular leaders of the world quiz 2023 - Statistics

General Stats
  • This quiz has been taken 17 times
  • The average score is 10 of 16
Answer Stats
Picture Answer % Correct
Emmanuel Macron
100%
Vladimir Putin
100%
Joe Biden
94%
Justin Trudeau
94%
Xi Jinping
94%
Narendra Modi
88%
Olaf Scholz
81%
Giorgia Meloni
75%
Kim Jong Un
75%
Rishi Sunak
75%
Lula da Silva
56%
Alexander Lukashenko
25%
Anthony Albanese
25%
Donald Tusk
19%
Recep Tayip Erdogan
13%
Wolodymyr Zelenskyj
6%
No matching quizzes found
Score Distribution
Percent of People with Each Score
Percentile by Number Answered
Your Score History
You have not taken this quiz